Markçı-Leninci Felsefe sözlüğü/ (Record no. 14550)

MARC details
000 -BAŞLIK
Sabit Uzunlukta Kontrol Alanı 00636nam a22001937a 4500
999 ## - SİSTEM KONTROL NUMARALARI (KOHA)
Koha Biblionumber 14550
Koha Biblioitemnumber 14550
003 - KONTROL NUMARASI IDENTIFIER
Denetim Alanı MIRAKIL
005 - SON İŞLEM TARİHİ VE ZAMANI
Denetim Alanı 20211015130306.0
008 - SABİT-BOY VERİ ELEMANLARI - GENEL BİLGİLER
Sabit Uzunlukta Kontrol Alanı 211015b tu ||||| |||| 00| 0 tur d
040 ## - KATALOGLAMA KAYNAK
Orijinal Kataloglama Ajansı TR-AnCHP
Kataloglama Dili tur
Metne Dönüştürmek Ajansı TR-AnCHP
082 ## - DEWEY ONLU SINIFLANDIRMA NUMARASI
Sınıflandırma Numarası DAN 103
Ürün Numarası B83m 1976
100 ## - ANA GİRİŞ - KİŞİSEL İSİM
Kişisel Ad Buhr, Manfred
245 ## - BAŞLIK TABLOSU
Başlık Markçı-Leninci Felsefe sözlüğü/
Sorumluluk Tablosu, Vb Manfred Buhr, Alfred Kosing; çeviren Engin Aşkın.
260 ## - YAYIN, DAĞITIM, VB
Yayın, Dağıtım, Vb Yeri İstanbul:
Yayıncı, Dağıtıcı, Vs Adı Konuk Yayınları,
Yayın, Dağıtım, Vb Tarihi 1976.
300 ## - FİZİKSEL TANIM
Kapsam 328 s.:
Boyutlar 23 sm.
490 ## - SERİSİ TABLOSU
Seri Beyanı Genel Sıra No:
-- Temel Bilgi Dizisi;
Hacim / Ardışık Tanımı 25.
-- 1.
650 ## - KONU KATMA GİRİŞ - TOPİKAL DÖNEM
Topikal Süreli Veya Coğrafi Ad Giriş Elemanı Felsefe
Genel Alt Bölümü Sözlükler
Kronolojik Alt Bölümü Türkçe
700 ## - KATMA GİRİŞ - KİŞİSEL İSİM
9 (RLIN) 6767
Kişisel Ad Aşkın, Engin
Relator Terim çev.
942 ## - EKLENDİ GİRİŞ ELEMANLARI (KOHA)
Sınıflandırma Veya Raf Düzeni Kaynak Dewey Decimal Classification
Koha Öğesi Türü Books
Holdings
Kalıcı Konum Mevcut Konum Edinme Tarihi Toplam Check-Out'Lar Tam Çağrı Numarası Barkod Tarih Son Görülme İtibaren Geçerli Fiyatlar Sigara Kamu Notu Koha Öğesi Türü
CHP Kütüphanesi CHP Kütüphanesi 10/15/2021   DAN 103 B83m 1976 020047 10/15/2021 10/15/2021 Emin Değer Bağışıdır. Books